000 00553nam a2200193Ia 4500
005 20250508163409.0
008 008 250505s9999 xx 000 0 eng d
037 _aTextual
040 _aFEDL
_beng
_cFEDL
041 _aeng
_2eng
084 _a370.193 46, SEE
_qFEDL
100 _aSeetharamu A. S.
245 0 _aEducation in rural areas
260 _aNew Delhi, India
_bAshish Publishing House
_c1985
300 _axi,220p
700 _a Usha Devi M.D.
_9775262
942 _cTEXL
_h370.193 46, SEE
999 _c1382822
_d1382822